Books to Authors #3 - Statistics

General Stats
  • This quiz has been taken 348 times
  • The average score is 10 of 14
Answer Stats
Book Author % Correct
Pride & Prejudice Jane Austen
97%
Huckleberry Finn Mark Twain
93%
Anna Karenina Leo Tolstoy
91%
Alice's Adventures in Wonderland Lewis Carroll
87%
The Picture Of Dorian Gray Oscar Wilde
85%
Moby Dick Herman Melville
81%
The Count of Monte Cristo Alexander Dumas
79%
Angels & Demons Dan Brown
77%
To The Lighthouse Virginia Woolf
66%
I Know Why The Caged Bird Sings Maya Angelou
59%
Madame Bovary Gustave Flaubert
57%
Beloved Toni Morrison
57%
Atlas Shrugged Ayn Rand
54%
The Age of Innocence Edith Wharton
38%
No matching quizzes found
Score Distribution
Percent of People with Each Score
Percentile by Number Answered
Your Score History
You have not taken this quiz